EXO all solo songs(July 2025 update) - Statistics

General Stats
  • This quiz has been taken 345 times
    80 since last reset
  • The average score is 38 of 163
Answer Stats
Hint Answer % Correct
Delight(Baekhyun) Candy
78%
Bambi(Baekhyun) Bambi
72%
Pre-Release (Essence of Reverie) (Baekhyun) Chocolate
67%
Empathy(D.O) It's Love
67%
Delight(Baekhyun) Love Again
67%
Bambi(Baekhyun) Love Scene
67%
Empathy(D.O) My Love
67%
Peaches(Kai) Peaches
67%
Rover(Kai) Rover
67%
Wait On Me (Kai) Wait On Me
67%
KAI Mmmh
61%
City Lights(Baekhyun) UN Village
61%
Brand New(Xiumin) Brand New
56%
Hello, World (Baekhyun) Pineapple Slice
56%
Digital single(Baekhyun) Amusement Park
50%
Bambi(Baekhyun) Cry For Love
50%
Empathy(D.O) Rose
50%
Delight(Baekhyun) Underwater
50%
Rover(Kai) Black Mirror
44%
Delight(Baekhyun) Bungee
44%
Grey Suit(Suho) Grey Suit
44%
1 to 3(Suho) 1 to 3
39%
Bambi(Baekhyun) All I Got
39%
KAI Amnesia
39%
Black Out (Chanyeol) Black Out
39%
Digital single(Chanyeol) Good Enough
39%
Digital single(Chen) Hello
39%
Grey Suit(Suho) Hurdle
39%
Self-Portrait(Suho) Let's Love
39%
Delight(Baekhyun) Poppin’
39%
Pre-release (Wait On Me) (Kai) Adult Swim
33%
City Lights(Baekhyun) Betcha
33%
Essence of Reverie (Baekhyun) Black Dreams
33%
Essence of Reverie (Baekhyun) Lemonade
33%
Expectation (D.O) Lost
33%
Polaris(Chen) Mirage Of Flower
33%
Self-Portrait(Suho) O2
33%
City Lights(Baekhyun) Psycho
33%
Empathy(D.O) Si Fueras Mía
33%
Interview X (Xiumin) WHEE!
33%
Peaches(Kai) Blue
28%
Rover(Kai) Bomba
28%
Pre-release(1 to 3)(Suho) Cheese(ft. Wendy of Red Velvet)
28%
City Lights(Baekhyun) Diamond
28%
April, And A Flower(Chen) Flower
28%
Delight(Baekhyun) Ghost
28%
City Lights(Baekhyun) Ice Queen
28%
Last Scene(Chen) Last Scene
28%
Essence of Reverie (Baekhyun) Love Comes Back
28%
Blossom(D.O) Mars
28%
Grey Suit(Suho) Morning Star
28%
Essence of Reverie (Baekhyun) No Problem
28%
KAI Nothing on Me
28%
Pre-release(Blossom)(D.O) Popcorn
28%
KAI Ride or Die
28%
Delight(Baekhyun) R U Ridin’?
28%
Self-Portrait(Suho) Self-Portrait
28%
April, And A Flower(Chen) Beautiful goodbye
22%
Interview X (Xiumin) Can’t Help Myself
22%
Peaches(Kai) Come In
22%
Empathy(D.O) Dad
22%
BAEKHYUN Drown
22%
BAEKHYUN Get You Alone
22%
Hello, World (Baekhyun) Good Morning
22%
Blossom(D.O) | Dear My Dear(Chen) Good Night
22%
Empathy(D.O) I'm Gonna LoveYou (ft. Wonstein)
22%
Black Out (Chanyeol) I'm on your side too
22%
Essence of Reverie (Baekhyun) Late Night Calls
22%
Interview X (Xiumin) Make You LaLa
22%
Blossom(D.O) | Dear My Dear(Chen) My Dear
22%
Expectation (D.O) Ordinary Days
22%
Rover(Kai) Slidin'
22%
Expectation (D.O) Somebody
22%
City Lights(Baekhyun) Stay Up(ft. Beezino)
22%
Peaches(Kai) Vanilla
22%
BLISS (D.O) 5 minutes
17%
1 to 3(Suho) Alright Alright(ft. Giriboy)
17%
Black Out (Chanyeol) Back Again
17%
Grey Suit(Suho) Bear Hug
17%
3rd Digital single (Chen) Broken Party
17%
Black Out (Chanyeol) Clover
17%
Peaches(Kai) Domino
17%
BLISS (D.O) Do you remember ?
17%
BLISS (D.O) Fit
17%
Wait On Me (Kai) Flight to Paris
17%
Black Out (Chanyeol) Hasta La Vista
17%
April, And A Flower(Chen) | BLISS (D.O) I'll be there
17%
Interview X (Xiumin) Lost Paradise
17%
Brand New(Xiumin) Love Letter
17%
BLISS (D.O) Love to love u
17%
Self-Portrait(Suho) Made In You
17%
Wait On Me (Kai) Off and Away
17%
Wait On Me (Kai) Pressure
17%
Bambi(Baekhyun) Privacy
17%
DOOR (Chen) Remember
17%
Hello, World (Baekhyun) Rendez-Vous
17%
Rover(Kai) Say You Love Me
17%
BLISS (D.O) Sing Along
17%
Self-Portrait(Suho) Starry Night
17%
Wait On Me (Kai) Walls Don't Talk
17%
BAEKHYUN Whippin'
17%
Hello, World (Baekhyun) Woo
17%
1 to 3(Suho) Zero Gravity
17%
BAEKHYUN Addicted
11%
Polaris(Chen) Break Out
11%
Hello, World (Baekhyun) Cold Heart
11%
DOOR (Chen) Dandelion
11%
Grey Suit(Suho) Decanting
11%
BAEKHYUN Disappeared
11%
Black Out (Chanyeol) Ease Up
11%
Essence of Reverie (Baekhyun) Elavator
11%
DOOR (Chen) Empty
11%
Brand New(Xiumin) Feedback
11%
Polaris(Chen) Free World
11%
KAI Hello Stranger
11%
Brand New(Xiumin) How We Do (ft. Mark)
11%
Pre-release(Expectation) (D.O) I Do
11%
Empathy(D.O) I'm Fine
11%
BLISS (D.O) In another life
11%
Polaris(Chen) Light Of My Life
11%
Interview X (Xiumin) Love Is U
11%
April, And A Flower(Chen) Love words
11%
1 to 3(Suho) Mayday
11%
1 to 3(Suho) Moonlight
11%
BLISS (D.O) Nobody knows it
11%
KAI Reason
11%
Wait On Me (Kai) Ridin'
11%
Brand New(Xiumin) Serenity
11%
Dear My Dear(Chen) Shall We?
11%
Rover(Kai) Sinner
11%
April, And A Flower(Chen) Sorry not sorry
11%
BAEKHYUN Stars
11%
Interview X (Xiumin) Switch Off
11%
Expectation (D.O) The View
11%
Peaches(Kai) To Be Honest
11%
1 to 3(Suho) Wishful Thinking
11%
Blossom(D.O) About Time
6%
Dear My Dear(Chen) Amaranth
6%
Digital single (D.O) Snowfall at Night
6%
BLISS (D.O) Draw my path
6%
DOOR (Chen) Fall In Love Again
6%
Self-Portrait(Suho) For You Now(ft. Younha)
6%
Grey Suit(Suho) Moment
6%
Polaris(Chen) My Sunshine
6%
Polaris(Chen) On The Road
6%
DOOR (Chen) Playlist(ft. HAON, Be'O)
6%
April, And A Flower(Chen) Portrait of you
6%
Blossom(D.O) Simple Joys
6%
DOOR (Chen) Starlight
6%
Hello, World (Baekhyun) Truth Be Told
6%
BLISS (D.O) Where you were
6%
Expectation (D.O) Wonder
6%
2nd Digital single (Chen) Beyond:
0%
Dear My Dear(Chen) Hold You Tight
0%
Last Scene(Chen) I Don't Even Mind
0%
Last Scene(Chen) photograph
0%
Last Scene(Chen) Reminisce
0%
Last Scene(Chen) Traveler
0%
Dear My Dear(Chen) You Never Know
0%
Last Scene(Chen) Your Shelter
0%
No matching quizzes found
Score Distribution
Percent of People with Each Score
Percentile by Number Answered
Your Score History
You have not taken this quiz since the last reset